000 00559nam a2200217 a 4500
999 _c5695
_d5695
001 5695
003 BD-JhCC
005 20180220105936.0
008 171219s20022008b a|||| || | 000 0 eng d
035 _a(BD-JhCC)5695
040 _aBD-JhCC
_dBD-JhCC
041 _aeng
082 _a530
_bALI 2008
100 _aAli, Eunus
245 _aHigher Secondary Physics First Paper /
_cEunus Ali and Sudeb Paul
260 _aDhaka :
_bThe Atlas Publishing House,
300 _a562 p. :
_bill. ;
_c24 cm.
650 _aPhysics
942 _2ddc
_cBK